Juventus Players - Sudden Death - Statistics

General Stats
  • This quiz has been taken 407 times
  • The average score is 14 of 20
Answers on the Grid
Answers color-coded by a green-red scale on the quiz's grid according to % correct below.
Andrea Pirlo
Paul Pogba
Mario Mandžukić
Cristiano Ronaldo
Michel Platini
Randal Kolo Muani
Roberto Baggio
Manuel Locatelli
Dušan Vlahović
Gianluigi Buffon
Pavel Nedvěd
Zlatan Ibrahimović
Juan Cuadrado
Álvaro Morata
Giorgio Chiellini
Medhi Benatia
Ángel Di María
Benedikt Höwedes
Edwin van der Sar
Aaron Ramsey
Juan Sebastián Verón
Toni Kroos
Javier Zanetti
Gabriel Batistuta
Xherdan Shaqiri
Hidetoshi Nakata
Antonio Di Natale
Michael Essien
Edin Džeko
Tanguy Ndombele
Alessandro Bastoni
Dion Kacuri
Kóstas Manolás
Jorginho
Domenico Berardi
Luís Figo
 
Answer Stats
Answer % Correct
Andrea Pirlo
79%
Cristiano Ronaldo
77%
Gianluigi Buffon
77%
Giorgio Chiellini
77%
Paul Pogba
76%
Pavel Nedvěd
76%
Juan Cuadrado
75%
Álvaro Morata
74%
Dušan Vlahović
74%
Zlatan Ibrahimović
71%
Mario Mandžukić
70%
Manuel Locatelli
67%
Randal Kolo Muani
67%
Michel Platini
66%
Ángel Di María
65%
Roberto Baggio
65%
Medhi Benatia
62%
Aaron Ramsey
60%
Edwin van der Sar
49%
Benedikt Höwedes
40%
No matching quizzes found
Score Distribution
Percent of People with Each Score
Percentile by Number Answered
Your Score History
You have not taken this quiz